| 000 | 00851nas a2200277 4500 | ||
|---|---|---|---|
| 001 | BR2013007163 | ||
| 003 | BR-BrBNA | ||
| 005 | 20231205122910.0 | ||
| 007 | ta | ||
| 008 | 230509b bl.|||p| |||| 00| 00por d | ||
| 040 |
_aBR-BrBNA _bpor _cBiblioteca Nacional de Agricultura |
||
| 041 | _a(En) | ||
| 072 | _aF30; F03 | ||
| 100 | 1 | _aMacedo, C.M.P. de | |
| 100 | 1 | _aPereira, M.G. | |
| 100 | 1 | _aCardoso, D.L. | |
| 100 | 1 | _aSilva, R.F. da | |
| 245 | 1 | _aEvaluation of seed physiological quality of papaya elite hybrids, their reciprocal crosses and parents | |
| 650 | _aMAMÃO | ||
| 650 | _aSEMENTE | ||
| 650 | _aHÍBRIDO | ||
| 650 | _aPARÂMETRO GENÉTICO | ||
| 773 | 0 |
_tJournal of Seed Science (Brazil) _xISSN 2317-1537 _g(Jun 2013), v. 35(2) p. 190-197 _wBR2013007163 |
|
| 909 |
_a202311 _bLúcia _c55 _dLúcia Elande |
||
| 942 |
_2AGRIS _n0 _cANA |
||
| 999 |
_c231156 _d231156 |
||